Michael Haneke : la disparidad de lo trágico /
Saved in:
| Hovedforfatter: | |
|---|---|
| Format: | Electronisk eBog |
| Sprog: | spansk |
| Udgivet: |
Madrid :
Ediciones JC Clementine,
2009.
|
| Udgivelse: | 1. ed. |
| Serier: | Colección Directores de cine ;
68. |
| Fag: | |
| Online adgang: | Digitalia Hispánica |
| Tags: |
Tilføj Tag
Ingen Tags, Vær først til at tagge denne postø!
|
MARC
| LEADER | 00000nam a2200000Ii 4500 | ||
|---|---|---|---|
| 001 | DIGJCCL005 | ||
| 003 | NyNyDIG | ||
| 006 | m d | ||
| 007 | cr ||||||||||| | ||
| 008 | 121001s2009 sp a obq 001 0 spa d | ||
| 020 | |z 9788489564633 | ||
| 020 | |z 8489564639 | ||
| 040 | |a DGITA |b eng |e pn |c DGITA | ||
| 043 | |a e-au--- |a e-gx--- | ||
| 050 | 4 | |a PN1998.3.H36 ebook | |
| 100 | 1 | |a Hernández Les, Juan, |e author. | |
| 245 | 1 | 0 | |a Michael Haneke : |b la disparidad de lo trágico / |c Juan A. Hernández Les. |
| 250 | |a 1. ed. | ||
| 264 | 1 | |a Madrid : |b Ediciones JC Clementine, |c 2009. | |
| 300 | |a 1 online resource (223 pages) : |b illustrations. | ||
| 336 | |a text |b txt |2 rdacontent | ||
| 337 | |a computer |b c |2 rdamedia | ||
| 338 | |a online resource |b cr |2 rdacarrier | ||
| 490 | 1 | |a Colección Directores de cine ; |v 68 | |
| 504 | |a Includes filmography and bibliographical references (p. 217-222.) | ||
| 600 | 1 | 0 | |a Haneke, Michael, |d 1942- |x Criticism and interpretation. |
| 650 | 0 | |a Motion picture producers and directors |z Germany |v Biography. | |
| 650 | 0 | |a Motion picture producers and directors |z Austria |v Biography. | |
| 655 | 0 | |a Electronic books. | |
| 791 | 2 | |a Digitalia (Firm), |e distributor. | |
| 830 | 0 | |a Colección Directores de cine ; |v 68. | |
| 793 | 0 | |g Digitalia eBook Collection: |a Ediciones JC | |
| 856 | 4 | 0 | |3 Digitalia Hispánica |u https://digitalia.unach.elogim.com/a/8976/ |
| 910 | |a Premium Collection: 2007-2012 | ||